000164646 001__ 164646 000164646 005__ 20251203145553.0 000164646 037__ $$aTAZ-TFG-2025-3920 000164646 041__ $$aspa 000164646 1001_ $$aMartín García, Pedro Miguel 000164646 24200 $$aProfitability of Active Investment Management in Index Funds in Europe and the U.S. 000164646 24500 $$aRentabilidad de la Gestión Activa en Fondos Indexados de Europa y EE. UU. 000164646 260__ $$aZaragoza$$bUniversidad de Zaragoza$$c2025 000164646 506__ $$aby-nc-sa$$bCreative Commons$$c3.0$$uhttp://creativecommons.org/licenses/by-nc-sa/3.0/ 000164646 520__ $$aEn este trabajo se realizará un estudio sobre la rentabilidad, eficacia, solidez y <br />sostenibilidad en el tiempo de una estrategia de inversión activa para fondos indexados <br />utilizando únicamente el análisis técnico con herramientas simples pero muy precisas <br />como son las medias móviles ponderadas. Lo que se pretende es demostrar que <br />independientemente de la rentabilidad que nos esté dando un índice podemos hacer una <br />gestión activa y rentable de nuestro patrimonio únicamente utilizando el análisis técnico <br />y prescindiendo del análisis fundamental incluso si el mercado está en un ciclo bajista. <br />Para ello intentaremos probar la estrategia en diferentes tipos de índices intentando <br />abarcar todos los sectores y zonas más importantes de las economías más influyentes en <br />el mundo para conseguir un análisis con certeza de la utilidad de esta estrategia. Haremos <br />pequeñas variaciones en la estrategia sin alterar sus fundamentos principales, todo esto <br />para intentar conocer la alternativa más lucrativa y precisa. También haremos un estudio <br />combinando la estrategia principal con las demás subestrategias para ver si se puede <br />obtener un mayor beneficio o una mayor pérdida, o si combinando las estrategias se <br />reduce la volatilidad de la rentabilidad, con el objetivo de replicarla en el futuro <br />automatizándola para obtener ingresos pasivos con un riesgo reducido. <br /><br /> 000164646 521__ $$aGraduado en Finanzas y Contabilidad 000164646 540__ $$aDerechos regulados por licencia Creative Commons 000164646 691__ $$a0 000164646 692__ $$a 000164646 700__ $$aSarto Marzal, José Luis$$edir. 000164646 7102_ $$aUniversidad de Zaragoza$$bContabilidad y Finanzas$$cEconomía Financiera y Contabilidad 000164646 8560_ $$f830034@unizar.es 000164646 8564_ $$s2454319$$uhttps://zaguan.unizar.es/record/164646/files/TAZ-TFG-2025-3920.pdf$$yMemoria (spa) 000164646 909CO $$ooai:zaguan.unizar.es:164646$$pdriver$$ptrabajos-fin-grado 000164646 950__ $$a 000164646 951__ $$adeposita:2025-12-03 000164646 980__ $$aTAZ$$bTFG$$cECON 000164646 999__ $$a20250901213728.CREATION_DATE